000 005240000a22001690004500
020 _a0-311-04034-9
041 0 _aSPA
082 0 4 _aG 221.6 C3579i
100 1 _aCate, Robert L.
245 1 0 _aIntroducción al estudio del Antiguo Testamento / Robert L. Cate ; Rubén O. Zorzoli, Traductor
260 _aEl Paso, TX., USA : Casa Bautista de Publicaciones
300 _a394 Pag
500 _aTítulo original : An introduction to the Old Testament
650 1 4 _aBIBLIA A.T. - INTRODUCCIONES
001 2159
942 _cBK
999 _c33169
_d33169